000 00292nam a2200133 4500
008 180207b xxu||||| |||| 00| 0 eng d
020 _a978012017630
041 _aeng
080 _a616.073
100 _a6
101 _aGJEN
245 _aAdvances in genetics
_cHall,J.C
942 _2udc
_cBK
999 _c42032
_d42032